|
|
|
|
| LEADER |
00965nam a2200241 a 4500 |
| 001 |
13231616 |
| 008 |
110824s2003 enka b 001 0 eng d |
| 010 |
|
|
|a 2003269979
|
| 020 |
|
|
|a 0470848340 (Cloth : alk. paper)
|
| 020 |
|
|
|a 0470848359 (Paper : alk. paper)
|
| 040 |
|
|
|a DLC
|c DLC
|d DLC
|d BD-DhAAL
|
| 082 |
0 |
0 |
|a 523.1
|2 22
|
| 100 |
1 |
|
|a Liddle, Andrew R.
|
| 245 |
1 |
3 |
|a An introduction to modern cosmology /
|c Andrew Liddle.
|
| 250 |
|
|
|a 2nd ed.
|
| 260 |
|
|
|a Chichester ;
|a Hoboken, NJ :
|b Wiley,
|c c2003.
|
| 300 |
|
|
|a xv, 172 p. :
|b ill. (some col.) ;
|c 25 cm.
|
| 504 |
|
|
|a Includes bibliographical references (p. [161]-162) and index.
|
| 541 |
|
|
|e 00016293
|
| 650 |
|
0 |
|a Cosmology.
|
| 852 |
1 |
|
|a Ayesha Abed Library
|c General shelf.
|
| 999 |
|
|
|c 11222
|d 11222
|
| 952 |
|
|
|0 0
|1 0
|4 0
|6 523_100000000000000_LID
|7 0
|9 17928
|a BRACUL
|b BRACUL
|c GEN
|d 2011-08-25
|e Karim International
|g 2625.00
|l 8
|m 68
|o 523.1 LID
|p 3010016293
|q 2026-06-02
|r 2026-05-19
|s 2026-05-19
|t 1
|w 2011-08-25
|y BK
|x Available
|